<The> Role of Envy in Ultimatum Games

Salvato in:
Dettagli Bibliografici
Autore principale: Kirchsteiger, Georg
Natura: Libro
Lingua:inglese
Pubblicazione: Wien Institut für Höhere Studien 1992
Edizione:1. ed.
Serie:Research Memorandum No. 297
Soggetti:
Tags: Aggiungi Tag
Nessun Tag, puoi essere il primo ad aggiungerne!!

MARC

LEADER 00000nam a2200000 4500
001 c005562
005 20221214090516.2
041 0 |a eng 
044 |a AT 
245 1 0 |a <The> Role of Envy in Ultimatum Games  |c Georg Kirchsteiger 
250 |a 1. ed. 
264 1 |a Wien  |b Institut für Höhere Studien  |c 1992 
300 |a 36 s. 
490 1 |a Research Memorandum  |v No. 297 
830 0 |a Research Memorandum  |v No. 297 
610 2 0 |a teória hier 
610 2 0 |a modely 
610 2 0 |a dohody obchodné 
100 1 |a Kirchsteiger, Georg